[Event "XXVII Miedzynarodowy Festiwal Szachowy im. Jozefa Dominika"]
[Site "Dobczyce"]
[Date "2019.07.09"]
[Round "6.3"]
[White "Krawczyk, Wojciech"]
[Black "Kyc, Jerzy"]
[Result "1/2-1/2"]
[BlackElo "2279"]
[WhiteElo "1780"]
[LiveChessVersion "1.4.8"]

1. d4 {[%clk 1:30:57]} Nf6 {[%clk 1:30:58]} 2. c4 {[%clk 1:31:16]} g6
{[%clk 1:31:26]} 3. Nc3 {[%clk 1:31:41]} d5 {[%clk 1:31:55]} 4. e3
{[%clk 1:31:50]} Bg7 {[%clk 1:32:24]} 5. Nf3 {[%clk 1:32:13]} O-O
{[%clk 1:32:50]} 6. Be2 {[%clk 1:32:21]} c5 {[%clk 1:32:39]} 7. O-O
{[%clk 1:32:29]} cxd4 {[%clk 1:32:57]} 8. Nxd4 {[%clk 1:32:31]} Nc6
{[%clk 1:32:53]} 9. Nf3 {[%clk 1:31:58]} dxc4 {[%clk 1:32:43]} 10. Bxc4
{[%clk 1:31:28]} Qa5 {[%clk 1:32:53]} 11. Qe2 {[%clk 1:31:06]} Bg4
{[%clk 1:28:32]} 12. h3 {[%clk 1:21:00]} Bxf3 {[%clk 1:28:15]} 13. Qxf3
{[%clk 1:21:23]} Ne5 {[%clk 1:28:43]} 14. Qe2 {[%clk 1:21:46]} Nxc4
{[%clk 1:28:49]} 15. Qxc4 {[%clk 1:21:46]} Rfd8 {[%clk 1:29:00]} 16. e4
{[%clk 1:14:16]} a6 {[%clk 1:18:51]} 17. Qe2 {[%clk 1:09:05]} b5 {[%clk 1:17:31]}
18. Bg5 {[%clk 1:07:33]} Qb6 {[%clk 0:52:15]} 19. Rfd1 {[%clk 1:04:10]} h6
{[%clk 0:47:20]} 20. Bxf6 {[%clk 0:36:09]} Qxf6 {[%clk 0:46:41]} 21. Rxd8+
{[%clk 0:36:29]} Rxd8 {[%clk 0:47:06]} 22. Rd1 {[%clk 0:36:55]} e6
{[%clk 0:43:40]} 23. Rxd8+ {[%clk 0:31:44]} Qxd8 {[%clk 0:44:09]} 24. Nd1
{[%clk 0:32:03]} Qc7 {[%clk 0:44:02]} 25. b3 {[%clk 0:31:41]} Bd4
{[%clk 0:43:55]} 26. Kh1 {[%clk 0:30:57]} Qc1 {[%clk 0:44:04]} 27. Kg1
{[%clk 0:31:10]} Kg7 {[%clk 0:43:23]} 28. g3 {[%clk 0:31:31]} a5 {[%clk 0:37:34]}
29. Kg2 {[%clk 0:27:00]} a4 {[%clk 0:37:42]} 30. Qd3 {[%clk 0:26:57]} e5
{[%clk 0:37:59]} 31. bxa4 {[%clk 0:20:05]} bxa4 {[%clk 0:38:23]} 32. h4
{[%clk 0:18:29]} h5 {[%clk 0:38:18]} 33. Qe2 {[%clk 0:11:53]} a3 {[%clk 0:38:29]}
34. Qd3 {[%clk 0:12:15]} Bb2 {[%clk 0:35:42]} 35. Ne3 {[%clk 0:06:32]} Qa1
{[%clk 0:35:45]} 36. Qb3 {[%clk 0:06:43]} Qb1 {[%clk 0:35:18]} 37. Nc2
{[%clk 0:04:55]} Qd1 {[%clk 0:35:16]} 38. Qc4 {[%clk 0:04:52]} Qd2
{[%clk 0:34:58]} 39. Qb3 {[%clk 0:03:53]} Bd4 {[%clk 0:22:50]} 40. Nxd4
{[%clk 0:02:05]} exd4 {[%clk 0:23:19]} 41. Qxa3 {[%clk 0:02:28]} d3
{[%clk 0:16:16]} 42. Qd6 {[%clk 0:02:43]} Qe2 {[%clk 0:14:40]} 43. Qd4+
{[%clk 0:01:26]} Kh7 {[%clk 0:12:21]} 44. Qd5 {[%clk 0:01:45]} Kg8
{[%clk 0:12:28]} 45. Qd8+ {[%clk 0:02:06]} Kh7 {[%clk 0:12:24]} 46. Qd5
{[%clk 0:02:30]} Kg7 {[%clk 0:10:23]} 47. Qd4+ {[%clk 0:02:40]} f6
{[%clk 0:10:23]} 48. Qd7+ {[%clk 0:02:54]} Kh6 {[%clk 0:10:38]} 49. Qe8
{[%clk 0:03:16]} 1/2-1/2

[Event "XXVII Miedzynarodowy Festiwal Szachowy im. Jozefa Dominika"]
[Site "Dobczyce"]
[Date "2019.07.09"]
[Round "6.4"]
[White "Kawalko, Adam"]
[Black "Slabek, Grzegorz"]
[Result "1/2-1/2"]
[BlackElo "1953"]
[WhiteElo "1920"]
[LiveChessVersion "1.4.8"]

1. e4 {[%clk 1:30:57]} d5 {[%clk 1:30:47]} 2. exd5 {[%clk 1:31:20]} Nf6
{[%clk 1:31:08]} 3. d4 {[%clk 1:31:45]} Nxd5 {[%clk 1:31:31]} 4. c4
{[%clk 1:32:11]} Nb6 {[%clk 1:31:54]} 5. Nf3 {[%clk 1:32:35]} g6 {[%clk 1:32:06]}
6. Nc3 {[%clk 1:32:58]} Bg7 {[%clk 1:32:29]} 7. c5 {[%clk 1:33:18]} Nd5
{[%clk 1:32:50]} 8. Bc4 {[%clk 1:33:40]} c6 {[%clk 1:33:17]} 9. O-O
{[%clk 1:33:56]} O-O {[%clk 1:33:42]} 10. Re1 {[%clk 1:34:22]} h6
{[%clk 1:31:47]} 11. Qb3 {[%clk 1:32:34]} Nxc3 {[%clk 1:30:55]} 12. bxc3
{[%clk 1:31:30]} b5 {[%clk 1:31:18]} 13. Bd3 {[%clk 1:28:08]} e6 {[%clk 1:29:18]}
14. Bf4 {[%clk 1:22:35]} Nd7 {[%clk 1:26:55]} 15. Ne5 {[%clk 1:10:21]} Bxe5
{[%clk 1:18:40]} 16. Bxe5 {[%clk 1:06:39]} Nxc5 {[%clk 1:18:51]} 17. Qc2
{[%clk 1:05:17]} Nxd3 {[%clk 1:19:12]} 18. Qxd3 {[%clk 1:05:43]} Qg5
{[%clk 1:16:47]} 19. Re3 {[%clk 1:03:14]} Qf5 {[%clk 1:16:23]} 20. Qd2
{[%clk 1:01:29]} Qg5 {[%clk 1:15:30]} 21. Qe2 {[%clk 0:56:23]} f6
{[%clk 1:15:18]} 22. f4 {[%clk 0:47:37]} Qh5 {[%clk 1:14:12]} 23. g4
{[%clk 0:43:02]} Qh4 {[%clk 1:11:20]} 24. Bd6 {[%clk 0:42:43]} Rf7
{[%clk 1:08:33]} 25. Qg2 {[%clk 0:38:51]} e5 {[%clk 1:04:59]} 26. Rh3
{[%clk 0:37:07]} Qxg4 {[%clk 1:04:52]} 27. Rg3 {[%clk 0:37:13]} Qh5
{[%clk 1:04:33]} 28. Rxg6+ {[%clk 0:35:30]} Qxg6 {[%clk 1:04:37]} 29. Qxg6+
{[%clk 0:35:54]} Rg7 {[%clk 1:05:01]} 30. Qxg7+ {[%clk 0:36:16]} Kxg7
{[%clk 1:05:28]} 31. fxe5 {[%clk 0:36:20]} fxe5 {[%clk 1:05:52]} 32. Bxe5+
{[%clk 0:36:35]} Kg6 {[%clk 1:05:56]} 33. Rf1 {[%clk 0:36:41]} Bf5
{[%clk 1:06:18]} 34. Ra1 Bc8 35. Rf1 Bf5 36. Bd6 1/2-1/2

[Event "XXVII Miedzynarodowy Festiwal Szachowy im. Jozefa Dominika"]
[Site "Dobczyce"]
[Date "2019.07.09"]
[Round "6.5"]
[White "Iwanczuk, Krzysztof"]
[Black "Jalowiec, Halina"]
[Result "1-0"]
[BlackElo "1919"]
[WhiteElo "1775"]
[LiveChessVersion "1.4.8"]

1. e4 {[%clk 1:30:58]} e5 {[%clk 1:30:52]} 2. Bc4 {[%clk 1:31:04]} Nf6
{[%clk 1:29:19]} 3. d4 {[%clk 1:30:46]} Qe7 {[%clk 1:24:13]} 4. Nf3
{[%clk 1:27:30]} d5 {[%clk 1:14:58]} 5. exd5 {[%clk 1:20:08]} exd4+
{[%clk 1:13:26]} 6. Be2 {[%clk 1:17:19]} Nxd5 {[%clk 1:10:34]} 7. O-O
{[%clk 1:16:18]} Qd8 {[%clk 1:00:06]} 8. Qxd4 {[%clk 1:13:18]} Be6
{[%clk 0:51:39]} 9. Ng5 {[%clk 1:04:16]} Qf6 {[%clk 0:48:52]} 10. Nxe6
{[%clk 1:02:55]} fxe6 {[%clk 0:47:46]} 11. Qe4 {[%clk 0:51:22]} c6
{[%clk 0:38:55]} 12. Bg4 {[%clk 0:46:57]} Nc7 {[%clk 0:33:11]} 13. Bf4
{[%clk 0:41:24]} Nba6 {[%clk 0:30:34]} 14. Bh5+ {[%clk 0:33:58]} Kd7
{[%clk 0:28:38]} 15. Rd1+ {[%clk 0:33:07]} Kc8 {[%clk 0:28:41]} 16. Nd2
{[%clk 0:31:04]} Nc5 {[%clk 0:26:15]} 17. Qe5 {[%clk 0:29:05]} Nd5
{[%clk 0:25:21]} 18. Bg3 {[%clk 0:28:03]} Nd7 {[%clk 0:24:04]} 19. Qe2
{[%clk 0:27:17]} Bc5 {[%clk 0:17:06]} 20. c4 {[%clk 0:23:05]} Nf4
{[%clk 0:13:40]} 21. Bxf4 {[%clk 0:23:21]} Qxf4 {[%clk 0:14:07]} 22. Qxe6
{[%clk 0:23:10]} Qxf2+ {[%clk 0:10:08]} 23. Kh1 {[%clk 0:23:35]} Qf6
{[%clk 0:10:35]} 24. Qh3 {[%clk 0:22:18]} Kc7 {[%clk 0:09:44]} 25. Ne4
{[%clk 0:21:49]} Qe7 {[%clk 0:10:06]} 26. Rxd7+ {[%clk 0:20:28]} Qxd7
{[%clk 0:08:58]} 27. Qxd7+ {[%clk 0:20:49]} Kxd7 {[%clk 0:09:24]} 28. Nxc5+
{[%clk 0:21:05]} Ke7 {[%clk 0:09:50]} 29. Re1+ {[%clk 0:20:51]} Kf6
{[%clk 0:10:12]} 30. Re6+ {[%clk 0:17:49]} Kg5 {[%clk 0:08:53]} 31. Re5+
{[%clk 0:13:51]} Kh6 {[%clk 0:09:10]} 32. Nxb7 {[%clk 0:13:17]} g6
{[%clk 0:06:34]} 33. Bf3 {[%clk 0:13:32]} Rhe8 {[%clk 0:06:43]} 34. Rxe8
{[%clk 0:13:16]} Rxe8 {[%clk 0:07:11]} 35. h3 {[%clk 0:13:33]} Re1+
{[%clk 0:07:20]} 36. Kh2 {[%clk 0:13:58]} Rb1 {[%clk 0:07:38]} 37. b3
{[%clk 0:13:56]} Rb2 {[%clk 0:08:04]} 38. Bxc6 {[%clk 0:14:19]} Rxa2
{[%clk 0:08:30]} 39. Bd5 {[%clk 0:14:33]} Rd2 {[%clk 0:08:33]} 40. Kg3
{[%clk 0:14:25]} Kg5 {[%clk 0:08:57]} 41. Nc5 {[%clk 0:14:13]} Kf5
{[%clk 0:09:03]} 42. Kf3 {[%clk 0:14:11]} Ke5 {[%clk 0:08:58]} 43. Ke3
{[%clk 0:14:20]} Rd1 {[%clk 0:09:13]} 44. Nd3+ {[%clk 0:14:24]} Kd6
{[%clk 0:09:24]} 45. Kd4 {[%clk 0:14:44]} a5 {[%clk 0:08:46]} 46. c5+
{[%clk 0:14:35]} Kc7 {[%clk 0:09:12]} 47. Bf3 {[%clk 0:14:04]} Ra1
{[%clk 0:08:05]} 48. Nf4 {[%clk 0:13:11]} Rc1 {[%clk 0:08:14]} 49. Ne6+
{[%clk 0:12:20]} Kd7 {[%clk 0:08:39]} 50. Kd5 {[%clk 0:12:43]} Rc3
{[%clk 0:08:48]} 51. Nd4 {[%clk 0:13:06]} 1-0

[Event "XXVII Miedzynarodowy Festiwal Szachowy im. Jozefa Dominika"]
[Site "Dobczyce"]
[Date "2019.07.09"]
[Round "6.6"]
[White "Madej, Marek"]
[Black "Kuciel, Wladyslaw"]
[Result "1/2-1/2"]
[BlackElo "1966"]
[WhiteElo "1843"]
[LiveChessVersion "1.4.8"]

1. e4 {[%clk 1:30:21]} c5 {[%clk 1:30:53]} 2. Nf3 {[%clk 1:30:47]} e6
{[%clk 1:31:17]} 3. d4 {[%clk 1:31:09]} cxd4 {[%clk 1:31:42]} 4. Nxd4
{[%clk 1:31:33]} a6 {[%clk 1:32:09]} 5. c4 {[%clk 1:31:54]} Nf6 {[%clk 1:32:31]}
6. Nc3 {[%clk 1:31:26]} Qc7 {[%clk 1:32:52]} 7. Be2 {[%clk 1:31:24]} b6
{[%clk 1:33:12]} 8. O-O {[%clk 1:31:34]} Bb7 {[%clk 1:33:30]} 9. f3
{[%clk 1:31:16]} Be7 {[%clk 1:31:29]} 10. Be3 {[%clk 1:30:58]} d6
{[%clk 1:31:38]} 11. Rc1 {[%clk 1:30:40]} Nbd7 {[%clk 1:31:42]} 12. Qd2
{[%clk 1:28:49]} O-O {[%clk 1:31:46]} 13. Rfd1 {[%clk 1:27:56]} Rac8
{[%clk 1:31:44]} 14. Bf1 {[%clk 1:24:31]} Qb8 {[%clk 1:27:56]} 15. Kh1
{[%clk 1:23:12]} Kh8 {[%clk 1:26:00]} 16. b4 {[%clk 1:21:16]} Rfe8
{[%clk 1:19:04]} 17. Nb3 {[%clk 1:18:48]} d5 {[%clk 1:16:33]} 18. cxd5
{[%clk 1:15:35]} Bxb4 {[%clk 1:14:21]} 19. dxe6 {[%clk 1:15:34]} Rxe6
{[%clk 1:13:59]} 20. Nd4 {[%clk 1:13:10]} Rxe4 {[%clk 1:12:05]} 21. fxe4
{[%clk 1:11:39]} Nxe4 {[%clk 1:11:36]} 22. Nxe4 {[%clk 1:09:25]} Bxd2
{[%clk 1:12:01]} 23. Nxd2 {[%clk 1:09:51]} Rxc1 {[%clk 1:09:11]} 24. Rxc1
{[%clk 1:08:56]} b5 {[%clk 1:07:26]} 25. N2b3 {[%clk 1:06:38]} Qe5
{[%clk 1:06:00]} 26. Bf2 {[%clk 1:03:52]} h6 {[%clk 1:05:45]} 27. Re1
{[%clk 1:02:55]} Qd5 {[%clk 1:05:44]} 28. Re8+ {[%clk 1:02:38]} Kh7
{[%clk 1:06:12]} 29. Bd3+ {[%clk 1:02:50]} g6 {[%clk 1:04:28]} 30. Be4
{[%clk 1:02:32]} Qxe4 {[%clk 1:04:08]} 31. Rxe4 {[%clk 1:02:54]} Bxe4
{[%clk 1:04:35]} 32. Ne2 {[%clk 1:01:42]} Bd5 {[%clk 1:02:15]} 33. Nc3
{[%clk 0:58:19]} Bc4 {[%clk 1:02:38]} 34. Nc5 {[%clk 0:58:28]} Ne5
{[%clk 1:02:16]} 35. a3 {[%clk 0:54:03]} a5 {[%clk 1:02:08]} 36. Be1
{[%clk 0:53:24]} f5 {[%clk 1:00:23]} 37. Nb1 {[%clk 0:51:39]} Nd3
{[%clk 0:59:57]} 38. Nxd3 {[%clk 0:51:18]} Bxd3 {[%clk 1:00:20]} 39. Nd2
{[%clk 0:49:34]} b4 {[%clk 0:56:22]} 40. axb4 {[%clk 0:49:42]} axb4
{[%clk 0:56:51]} 41. Nb3 {[%clk 0:50:03]} Bc4 {[%clk 0:56:41]} 42. Na5
{[%clk 0:50:25]} Bd5 {[%clk 0:57:04]} 43. Bxb4 {[%clk 0:50:49]} g5
{[%clk 0:57:18]} 44. Kg1 {[%clk 0:49:27]} f4 {[%clk 0:56:13]} 45. Kf2
{[%clk 0:49:14]} Kg6 {[%clk 0:56:33]} 46. Bd6 {[%clk 0:44:59]} Kf5
{[%clk 0:54:42]} 47. Bf8 {[%clk 0:45:16]} h5 {[%clk 0:55:00]} 48. Be7
{[%clk 0:45:30]} Kg4 {[%clk 0:54:09]} 49. Bd6 {[%clk 0:44:42]} Kf5
{[%clk 0:53:43]} 50. h4 {[%clk 0:42:41]} gxh4 {[%clk 0:53:32]} 51. Be7
{[%clk 0:43:06]} Kg4 {[%clk 0:53:57]} 52. Bd8 {[%clk 0:43:18]} Kf5
{[%clk 0:54:22]} 53. Bxh4 {[%clk 0:43:40]} Kg4 {[%clk 0:54:51]} 54. Be7
{[%clk 0:43:57]} Kf5 {[%clk 0:55:19]} 55. Bd6 {[%clk 0:43:09]} Kg4
{[%clk 0:55:46]} 56. Bc7 {[%clk 0:42:58]} Kf5 {[%clk 0:55:46]} 1/2-1/2

[Event "XXVII Miedzynarodowy Festiwal Szachowy im. Jozefa Dominika"]
[Site "Dobczyce"]
[Date "2019.07.09"]
[Round "6.7"]
[White "Mirowska, Oliwia"]
[Black "Dziewonski, Dariusz"]
[Result "0-1"]
[BlackElo "1879"]
[WhiteElo "1735"]
[LiveChessVersion "1.4.8"]

1. d4 {[%clk 1:27:58]} d5 {[%clk 1:30:54]} 2. Bf4 {[%clk 1:28:09]} c5
{[%clk 1:29:24]} 3. e3 {[%clk 1:26:37]} cxd4 {[%clk 1:29:18]} 4. exd4
{[%clk 1:26:49]} Bf5 {[%clk 1:24:11]} 5. c3 {[%clk 1:26:06]} Nc6 {[%clk 1:22:02]}
6. Nf3 {[%clk 1:25:19]} e6 {[%clk 1:20:21]} 7. Bd3 {[%clk 1:24:29]} Bxd3
{[%clk 1:14:47]} 8. Qxd3 {[%clk 1:23:00]} Bd6 {[%clk 1:14:15]} 9. Bg3
{[%clk 1:22:43]} Nf6 {[%clk 1:10:10]} 10. Nbd2 {[%clk 1:22:11]} Qc7
{[%clk 1:05:33]} 11. O-O {[%clk 1:19:24]} Bxg3 {[%clk 1:02:07]} 12. hxg3
{[%clk 1:19:33]} O-O {[%clk 1:00:38]} 13. Rfe1 {[%clk 1:18:52]} Rac8
{[%clk 0:51:57]} 14. Ne5 {[%clk 1:13:57]} Nd7 {[%clk 0:46:27]} 15. Nxd7
{[%clk 1:11:16]} Qxd7 {[%clk 0:46:49]} 16. Nf3 {[%clk 1:11:10]} Qe7
{[%clk 0:39:45]} 17. Re2 {[%clk 1:09:39]} Qf6 {[%clk 0:36:15]} 18. Ne5
{[%clk 1:07:11]} Nxe5 {[%clk 0:34:29]} 19. Rxe5 {[%clk 1:07:26]} Qg6
{[%clk 0:32:16]} 20. Qd2 {[%clk 1:06:04]} Rc4 {[%clk 0:30:27]} 21. Rae1
{[%clk 1:04:59]} b5 {[%clk 0:26:42]} 22. a3 {[%clk 1:00:31]} a5 {[%clk 0:23:37]}
23. Rg5 {[%clk 0:58:42]} Qh6 {[%clk 0:20:01]} 24. f4 {[%clk 0:56:57]} Rfc8
{[%clk 0:16:29]} 25. Qe2 {[%clk 0:55:02]} g6 {[%clk 0:14:42]} 26. Qe3
{[%clk 0:49:00]} b4 {[%clk 0:10:41]} 27. axb4 {[%clk 0:49:21]} axb4
{[%clk 0:11:08]} 28. Rc1 {[%clk 0:49:22]} bxc3 {[%clk 0:10:24]} 29. bxc3
{[%clk 0:48:50]} Qf8 {[%clk 0:09:37]} 30. Re5 {[%clk 0:48:32]} Qa3
{[%clk 0:07:15]} 31. Rxe6 {[%clk 0:09:34]} fxe6 {[%clk 0:07:25]} 32. Qxe6+
{[%clk 0:09:58]} Kg7 {[%clk 0:07:01]} 33. Rb1 {[%clk 0:10:18]} Qa7
{[%clk 0:02:56]} 34. Qxd5 {[%clk 0:06:47]} Qf7 {[%clk 0:02:28]} 35. Qe5+
{[%clk 0:06:41]} Kg8 {[%clk 0:02:44]} 36. Rb6 {[%clk 0:06:15]} R4c6
{[%clk 0:02:13]} 37. Rb4 {[%clk 0:05:10]} Rxc3 {[%clk 0:01:35]} 38. d5
{[%clk 0:05:00]} Qa7+ {[%clk 0:01:28]} 39. Kh2 {[%clk 0:05:20]} Qe3
{[%clk 0:01:27]} 40. Qe6+ {[%clk 0:01:26]} Qxe6 {[%clk 0:01:49]} 0-1

[Event "XXVII Miedzynarodowy Festiwal Szachowy im. Jozefa Dominika"]
[Site "Dobczyce"]
[Date "2019.07.09"]
[Round "6.8"]
[White "Cichon, Jakub"]
[Black "Seredyn, Dominik"]
[Result "1/2-1/2"]
[BlackElo "1737"]
[WhiteElo "1707"]
[LiveChessVersion "1.4.8"]

1. e4 {[%clk 1:30:56]} c5 {[%clk 1:30:47]} 2. Nf3 {[%clk 1:31:23]} g6
{[%clk 1:31:06]} 3. d4 {[%clk 1:30:33]} cxd4 {[%clk 1:31:25]} 4. Qxd4
{[%clk 1:28:07]} Nf6 {[%clk 1:31:47]} 5. e5 {[%clk 1:27:08]} Nc6 {[%clk 1:32:08]}
6. Qa4 {[%clk 1:24:56]} Nd5 {[%clk 1:31:34]} 7. Qb3 {[%clk 1:14:30]} Nc7
{[%clk 1:31:00]} 8. Nc3 {[%clk 1:08:13]} Bg7 {[%clk 1:29:08]} 9. Bf4
{[%clk 1:08:00]} O-O {[%clk 1:25:59]} 10. O-O-O {[%clk 1:05:28]} Ne6
{[%clk 1:19:34]} 11. Bg3 {[%clk 1:05:11]} a6 {[%clk 1:10:51]} 12. h4
{[%clk 1:03:17]} h5 {[%clk 1:07:09]} 13. Kb1 {[%clk 0:56:46]} b5 {[%clk 1:03:26]}
14. Nd5 {[%clk 0:54:16]} Bb7 {[%clk 0:59:50]} 15. Qe3 {[%clk 0:53:59]} Qa5
{[%clk 0:53:30]} 16. a3 {[%clk 0:37:32]} b4 {[%clk 0:46:47]} 17. Qb6
{[%clk 0:34:28]} bxa3 {[%clk 0:44:54]} 18. Qxa5 {[%clk 0:34:43]} Nxa5
{[%clk 0:45:17]} 19. Nxe7+ {[%clk 0:31:01]} Kh7 {[%clk 0:45:16]} 20. Nd5
{[%clk 0:25:58]} axb2 {[%clk 0:38:19]} 21. Nb6 {[%clk 0:24:44]} Bxf3
{[%clk 0:36:23]} 22. gxf3 {[%clk 0:25:13]} Ra7 {[%clk 0:36:42]} 23. Be2
{[%clk 0:18:04]} Nc6 {[%clk 0:31:42]} 24. Rxd7 {[%clk 0:14:01]} Rxd7
{[%clk 0:31:35]} 25. Nxd7 {[%clk 0:14:30]} Rd8 {[%clk 0:31:55]} 26. Nf6+
{[%clk 0:13:51]} Bxf6 {[%clk 0:31:52]} 27. exf6 {[%clk 0:14:20]} Ncd4
{[%clk 0:26:13]} 28. Bd3 {[%clk 0:13:27]} Nc5 {[%clk 0:18:08]} 29. Bc4
{[%clk 0:09:43]} Na4 {[%clk 0:17:35]} 30. Bb3 {[%clk 0:09:02]} Nxb3
{[%clk 0:16:34]} 31. cxb3 {[%clk 0:09:31]} Nc5 {[%clk 0:16:15]} 32. Kxb2
{[%clk 0:08:58]} Rd3 {[%clk 0:15:49]} 33. Rc1 {[%clk 0:08:30]} Rxb3+
{[%clk 0:15:19]} 34. Ka2 {[%clk 0:08:36]} Rb5 {[%clk 0:15:15]} 35. Bd6
{[%clk 0:06:20]} Ne6 {[%clk 0:14:44]} 36. Rc6 {[%clk 0:04:02]} Rf5
{[%clk 0:12:44]} 37. Rxa6 {[%clk 0:01:59]} Rxf6 {[%clk 0:09:34]} 38. Ra3
{[%clk 0:01:48]} 1/2-1/2

[Event "XXVII Miedzynarodowy Festiwal Szachowy im. Jozefa Dominika"]
[Site "Dobczyce"]
[Date "2019.07.09"]
[Round "7.1"]
[White "Gbyl, Andrzej"]
[Black "Cisek, Kamil"]
[Result "1-0"]
[BlackElo "1891"]
[WhiteElo "2234"]
[LiveChessVersion "1.4.8"]

1. d4 {[%clk 1:30:57]} Nf6 {[%clk 1:30:53]} 2. c4 {[%clk 1:31:10]} e6
{[%clk 1:31:07]} 3. Nf3 {[%clk 1:30:28]} d5 {[%clk 1:31:20]} 4. Nc3
{[%clk 1:30:26]} Be7 {[%clk 1:30:49]} 5. Bg5 {[%clk 1:27:11]} O-O
{[%clk 1:30:12]} 6. e3 {[%clk 1:26:20]} b6 {[%clk 1:29:27]} 7. Qb3
{[%clk 1:24:19]} Bb7 {[%clk 1:23:08]} 8. Bxf6 {[%clk 1:18:59]} Bxf6
{[%clk 1:23:18]} 9. cxd5 {[%clk 1:19:25]} exd5 {[%clk 1:23:00]} 10. Rd1
{[%clk 1:19:44]} c6 {[%clk 1:17:07]} 11. Bd3 {[%clk 1:19:50]} Nd7
{[%clk 1:13:55]} 12. O-O {[%clk 1:19:01]} Be7 {[%clk 1:07:31]} 13. Rfe1
{[%clk 1:15:05]} f5 {[%clk 0:55:45]} 14. e4 {[%clk 1:05:24]} fxe4
{[%clk 0:55:50]} 15. Nxe4 {[%clk 1:03:39]} Kh8 {[%clk 0:54:44]} 16. Ng3
{[%clk 1:04:01]} g6 {[%clk 0:47:10]} 17. Qc2 {[%clk 1:01:30]} Bd6
{[%clk 0:38:59]} 18. Re6 {[%clk 0:57:22]} Rf6 {[%clk 0:36:44]} 19. Rde1
{[%clk 0:51:00]} Rxe6 {[%clk 0:34:50]} 20. Rxe6 {[%clk 0:51:22]} Nf8
{[%clk 0:35:14]} 21. Re1 {[%clk 0:51:06]} Qd7 {[%clk 0:32:07]} 22. Qe2
{[%clk 0:51:22]} Bb4 {[%clk 0:28:37]} 23. Qe5+ {[%clk 0:51:40]} Kg8
{[%clk 0:28:44]} 24. Re2 {[%clk 0:50:32]} Qd6 {[%clk 0:20:31]} 25. Qe3
{[%clk 0:48:33]} Qf6 {[%clk 0:19:51]} 26. Ne5 {[%clk 0:37:30]} c5
{[%clk 0:13:42]} 27. Ng4 {[%clk 0:22:55]} Qxd4 {[%clk 0:13:56]} 28. Nh6+
{[%clk 0:23:09]} Kh8 {[%clk 0:14:08]} 29. Qe7 {[%clk 0:16:58]} Bc6
{[%clk 0:07:54]} 30. Re5 {[%clk 0:14:52]} Nd7 {[%clk 0:05:53]} 31. Nf7+
{[%clk 0:12:51]} Kg8 {[%clk 0:06:18]} 32. Ng5 {[%clk 0:12:56]} Nxe5
{[%clk 0:06:06]} 33. Qxh7+ {[%clk 0:13:20]} Kf8 {[%clk 0:06:30]} 34. Ne6+
{[%clk 0:13:46]} Ke8 {[%clk 0:06:37]} 35. Nxd4 {[%clk 0:14:08]} cxd4
{[%clk 0:06:58]} 36. Qh8+ {[%clk 0:14:28]} Kd7 {[%clk 0:07:03]} 37. Qxe5
{[%clk 0:14:10]} 1-0

[Event "XXVII Miedzynarodowy Festiwal Szachowy im. Jozefa Dominika"]
[Site "Dobczyce"]
[Date "2019.07.09"]
[Round "7.2"]
[White "Luberanski, Jakub"]
[Black "Kawalko, Adam"]
[Result "1/2-1/2"]
[BlackElo "1920"]
[WhiteElo "2010"]
[LiveChessVersion "1.4.8"]

1. e4 {[%clk 1:30:59]} c5 {[%clk 1:30:58]} 2. Nf3 {[%clk 1:31:24]} Nc6
{[%clk 1:31:01]} 3. g3 {[%clk 1:31:02]} d6 {[%clk 1:30:13]} 4. Bg2
{[%clk 1:29:18]} Nf6 {[%clk 1:29:42]} 5. d3 {[%clk 1:29:42]} g6 {[%clk 1:29:39]}
6. O-O {[%clk 1:29:47]} Bg7 {[%clk 1:29:29]} 7. c3 {[%clk 1:29:26]} O-O
{[%clk 1:28:41]} 8. Re1 {[%clk 1:29:47]} Rb8 {[%clk 1:20:55]} 9. d4
{[%clk 1:27:37]} Bg4 {[%clk 1:13:46]} 10. dxc5 {[%clk 1:07:01]} dxc5
{[%clk 1:11:58]} 11. Qc2 {[%clk 1:06:42]} Nd7 {[%clk 1:07:21]} 12. Nbd2
{[%clk 0:59:17]} Nde5 {[%clk 1:04:57]} 13. h3 {[%clk 0:57:33]} Bxf3
{[%clk 1:02:16]} 14. Nxf3 {[%clk 0:57:54]} Qd3 {[%clk 1:01:30]} 15. Qxd3
{[%clk 0:55:36]} Nxd3 {[%clk 1:01:18]} 16. Rd1 {[%clk 0:56:00]} Nxc1
{[%clk 0:59:46]} 17. Raxc1 {[%clk 0:56:25]} Rfd8 {[%clk 0:59:11]} 18. Kf1
{[%clk 0:54:46]} Ne5 {[%clk 0:58:10]} 19. Nxe5 {[%clk 0:55:10]} Bxe5
{[%clk 0:58:21]} 20. f4 {[%clk 0:55:21]} Bc7 {[%clk 0:57:14]} 21. Ke2
{[%clk 0:55:13]} Kf8 {[%clk 0:55:01]} 22. e5 {[%clk 0:52:41]} b6 {[%clk 0:53:09]}
23. Ke3 {[%clk 0:51:36]} e6 {[%clk 0:52:25]} 24. Bf1 {[%clk 0:50:13]} Ke7
{[%clk 0:51:27]} 25. a4 {[%clk 0:48:36]} Rxd1 {[%clk 0:47:01]} 26. Rxd1
{[%clk 0:49:04]} Rd8 {[%clk 0:46:08]} 27. Rxd8 {[%clk 0:49:29]} Bxd8
{[%clk 0:46:28]} 28. g4 {[%clk 0:40:36]} h6 {[%clk 0:45:04]} 29. h4
{[%clk 0:39:28]} f6 {[%clk 0:36:13]} 30. exf6+ {[%clk 0:38:24]} Kxf6
{[%clk 0:36:41]} 31. Ke4 {[%clk 0:38:41]} Bc7 {[%clk 0:35:49]} 32. Ba6
{[%clk 0:38:14]} Bb8 {[%clk 0:31:22]} 33. Bc8 {[%clk 0:34:20]} Ke7
{[%clk 0:31:02]} 34. f5 {[%clk 0:33:01]} gxf5+ {[%clk 0:30:09]} 35. gxf5
{[%clk 0:33:27]} exf5+ {[%clk 0:30:32]} 36. Bxf5 {[%clk 0:33:46]} Bg3
{[%clk 0:28:58]} 37. Kd5 {[%clk 0:33:00]} Bxh4 {[%clk 0:29:19]} 38. Kc6
{[%clk 0:33:26]} Bf2 {[%clk 0:29:09]} 39. Kb7 {[%clk 0:28:19]} Kd6
{[%clk 0:29:30]} 40. Kxa7 {[%clk 0:27:52]} Kc7 {[%clk 0:29:52]} 41. Ka6
{[%clk 0:27:44]} h5 {[%clk 0:30:09]} 42. Kb5 {[%clk 0:27:57]} h4 {[%clk 0:30:30]}
43. Bh3 {[%clk 0:28:09]} Bg1 {[%clk 0:30:49]} 44. Bg4 {[%clk 0:28:13]} Be3
{[%clk 0:31:10]} 45. Bh3 {[%clk 0:28:36]} Bc1 {[%clk 0:30:45]} 46. b4
{[%clk 0:28:57]} cxb4 {[%clk 0:31:08]} 47. cxb4 {[%clk 0:29:21]} Bd2
{[%clk 0:31:28]} 48. a5 {[%clk 0:29:45]} bxa5 {[%clk 0:31:51]} 49. bxa5
{[%clk 0:30:10]} Bxa5 {[%clk 0:32:13]} 50. Kxa5 {[%clk 0:30:37]} Kd6
{[%clk 0:32:35]} 51. Kb4 {[%clk 0:30:58]} Ke5 {[%clk 0:33:04]} 52. Kc4
{[%clk 0:31:20]} Kf4 {[%clk 0:33:34]} 53. Kd4 {[%clk 0:31:42]} Kg3
{[%clk 0:34:02]} 54. Bc8 {[%clk 0:32:05]} h3 {[%clk 0:34:30]} 55. Bxh3
{[%clk 0:31:54]} 1/2-1/2